01167nam a22003134a 4500001001200000003000800012006001900020007001500039008004100054010001700095020002800112040002100140035002100161050002400182082001200206100001900218245006400237260003900301300001700340504006600357533015200423650002300575650002400598650003700622650002200659655002900681710001700710856012600727ebr10017958CaPaEBRm u cr cn|||||||||000419s2001 ctu sb 001 0 eng  z 00032380  z0275967875 (alk. paper) aCaPaEBRcCaPaEBR a(OCoLC)61463645714aB105.O7bR47 2001eb04a0032211 aRich, David Z.10aOrder and disorderh[electronic resource] /cDavid Z. Rich. aWestport, Conn. :bPraeger,c2001. aviii, 254 p. aIncludes bibliographical references (p. [245]-248) and index. aElectronic reproduction.bPalo Alto, Calif. :cebrary,d2013.nAvailable via World Wide Web.nAccess may be limited to ebrary affiliated libraries. 0aOrder (Philosophy) 0aCrises (Philosophy) 0aEvolution (Biology)xPhilosophy. 0aSocial evolution. 7aElectronic books.2local2 aebrary, Inc.40uhttp://site.ebrary.com/lib/rucke/Doc?id=10017958zAn electronic book accessible through the World Wide Web; click to view